| 000 | 00537nam a22001337a 4500 | ||
|---|---|---|---|
| 040 | _cRUA | ||
| 082 | _aAGR CHH 2013 B054 Or.1 | ||
| 100 | _aCHHOR, KIMHEAK. | ||
| 245 | _aUtilization of trellis in tomatoes production, ការប្រើប្រាស់ទ្រើងក្នុងផលិតកម្មដំណាំប៉េងប៉ោះ | ||
| 260 |
_aPhnom Penh _bRUA _c2013 |
||
| 300 |
_aviii; 39p. _bill. _c29cm. |
||
| 856 | _uhttps://drive.google.com/file/d/1nVDdqOfdyUf849JGoQuukncHazE63s6o/view?usp=sharing | ||
| 942 | _cAGR | ||
| 999 |
_c1295 _d1295 |
||